Hegedűs a poklok kapujában

Elmentve itt :
Bibliográfiai részletek
Szerző: Pável Ágoston
Dokumentumtípus: Cikk
Megjelent: 1942
Sorozat:Délvidéki szemle 1
Kulcsszavak:I. Mátyás - király, Irodalomtudomány
Tárgyszavak:
Online Access:http://acta.bibl.u-szeged.hu/19149
LEADER 00652nab a2200193 i 4500
001 acta19149
005 20210924151504.0
008 161015s1942 hu o 0|| hun d
040 |a SZTE Egyetemi Kiadványok Repozitórium  |b hun 
041 |a hun 
100 1 |a Pável Ágoston 
245 1 0 |a Hegedűs a poklok kapujában  |h [elektronikus dokumentum] /  |c  Pável Ágoston 
260 |c 1942 
300 |a 332 
490 0 |a Délvidéki szemle  |v 1 
650 4 |a Bölcsészettudományok 
650 4 |a Nyelvek és irodalom 
695 |a I. Mátyás - király, Irodalomtudomány 
856 4 0 |u http://acta.bibl.u-szeged.hu/19149/1/delvideki_szemle_001_332.pdf  |z Dokumentum-elérés